Science Quiz

Random Science Quiz
Score 0/8 Timer 05:00
0 Plays Today
Hint Chemical % Correct
Released on the Tokyo subway by terrorists in 1995Sarin (GB)
82.3%
Accidentally released in a 1943 air raid, killing or injuring over 600 peopleMustard gas
80.6%
Choking green gasChlorine
75.8%
Released in Utah in 1968, killing thousands of sheepVX
64.5%
Invented in Germany in 1936Tabun (GA)
48.4%
First used in 1915 by France, smells like mouldy hayPhosgene
43.5%
Invented in the United States and mixed with other chemical weapons to prevent freezingLewisite
30.6%
Originally marketed in 1954 as an insecticideVG (Amiton)
24.2%

You're not logged in!

Compare scores with friends on all Sporcle quizzes.
OR
Log In

Sporcle TV

Today on Sporcle TV


Watch our educational content, quiz creation guides, and fun videos on Sporcle TV.

Show Comments

Extras

Created Oct 14, 2013ReportNominate
Tags:Here, weapons

Top Quizzes Today


Score Distribution

Paid Content

Your Account Isn't Verified!

In order to create a playlist on Sporcle, you need to verify the email address you used during registration. Go to your Sporcle Settings to finish the process.

Report this User

Report this user for behavior that violates our Community Guidelines.

Details: